000 00442nam a2200181Ia 4500
005 20250603145547.0
008 250603s9999 xx 000 0 und d
020 _a9781032397375
050 _aRA 421.90 .B35/
100 _aBaker, Richard
245 0 _aPrimary Health Care And Population Mortality
260 _aNew York
260 _bCRC Press
260 _c2023
300 _aViii, 212p.: ill.
650 _aNew York
942 _cBK
999 _c42214
_d42214